000 00808nam a2200265Ia 4500
003 OSt
005 20220924115807.0
006 a|||||r|||| 00| 0
007 ta
008 220923b |||||||| |||| 00| 0 urd d
020 _a9788182234390 (hbk)
020 _c250
024 _a285492
037 _b4310, 19/11/2014, Kitabi Duniya
_cTextual
040 _aARTS
_cARTS
_burd
041 _2urd
_aurd
082 _aO28,1:g, 168Q4
100 _aAnjum Shams Kamal Au.
_9179608
245 0 _aJadeed arabi shairi
_b modern arabic poetry
260 _aDelhi
_bEducational Publishing House India
_c2014
300 _a344p.
_ccm.
650 _aARABIC POETRY
942 _hO28,1:g, 168Q4
_cTEXL
_2CC
999 _c399916
_d399916